Music Quiz

Random Music Quiz
Score 0/8 Timer 09:00
0 Plays Today
Answer % Correct
Highway To Hell
93.3%
Back In Black
86.7%
Thunderstruck
86.7%
You Shook Me All Night Long
86.7%
Hells Bells
86.7%
Dirty Deeds Done Dirt Cheap
66.7%
TNT
66.7%
Shoot To Thrill
60%
Remove Ads.
Support Sporcle.
Get the best of Sporcle when you Go Orange. This ad-free experience offers more features, more stats, and more fun while also helping to support Sporcle. Thank you for becoming a member.

You're not logged in!

Compare scores with friends on all Sporcle quizzes.
OR
Log In

Show Comments

Extras

Created Dec 11, 2018ReportNominate
Tags:hit

Top Quizzes Today


Score Distribution

Your Account Isn't Verified!

In order to create a playlist on Sporcle, you need to verify the email address you used during registration. Go to your Sporcle Settings to finish the process.

Report this User

Report this user for behavior that violates our Community Guidelines.

Details: